<?xml version="1.0" encoding="UTF-8"?>
<record
    xmlns:xsi="http://www.w3.org/2001/XMLSchema-instance"
    xsi:schemaLocation="http://www.loc.gov/MARC21/slim http://www.loc.gov/standards/marcxml/schema/MARC21slim.xsd"
    xmlns="http://www.loc.gov/MARC21/slim">

  <leader>00829nam a22002177a 4500</leader>
  <controlfield tag="008">240605b        mp ||||| |||| 00| 0 mon d</controlfield>
  <datafield tag="035" ind1=" " ind2=" ">
    <subfield code="a">10180</subfield>
  </datafield>
  <datafield tag="040" ind1=" " ind2=" ">
    <subfield code="a">HE0623081</subfield>
    <subfield code="b">mon</subfield>
    <subfield code="c">MN-UlNLM</subfield>
    <subfield code="d">MN-UlNLM</subfield>
    <subfield code="e">rda</subfield>
  </datafield>
  <datafield tag="041" ind1=" " ind2=" ">
    <subfield code="a">mon</subfield>
  </datafield>
  <datafield tag="042" ind1=" " ind2=" ">
    <subfield code="a">21435</subfield>
  </datafield>
  <datafield tag="084" ind1=" " ind2=" ">
    <subfield code="2">NNA</subfield>
    <subfield code="a">84(0)-44</subfield>
    <subfield code="b">&#x414;-393</subfield>
  </datafield>
  <datafield tag="100" ind1=" " ind2=" ">
    <subfield code="a">&#x414;&#x435;&#x444;&#x43E; &#x414;&#x430;&#x43D;&#x438;&#x44D;&#x43B;&#x44C;</subfield>
  </datafield>
  <datafield tag="245" ind1=" " ind2="0">
    <subfield code="a">&#x420;&#x43E;&#x431;&#x438;&#x43D;&#x437;&#x43E;&#x43D; &#x41A;&#x440;&#x443;&#x437;&#x43E;</subfield>
  </datafield>
  <datafield tag="264" ind1=" " ind2=" ">
    <subfield code="a">&#x423;&#x411;.</subfield>
    <subfield code="b">&#x425;&#x44D;&#x432;&#x43B;&#x44D;&#x43B;&#x438;&#x439;&#x43D; &#x43A;&#x43E;&#x43C;&#x431;&#x438;&#x43D;&#x430;&#x442;</subfield>
    <subfield code="c">1980</subfield>
  </datafield>
  <datafield tag="300" ind1=" " ind2=" ">
    <subfield code="a">213&#x445;.</subfield>
  </datafield>
  <datafield tag="336" ind1=" " ind2=" ">
    <subfield code="2">rdacontent</subfield>
    <subfield code="a">text</subfield>
    <subfield code="b">txt</subfield>
  </datafield>
  <datafield tag="337" ind1=" " ind2=" ">
    <subfield code="2">rdamedia</subfield>
    <subfield code="a">unmediated</subfield>
    <subfield code="b">n</subfield>
  </datafield>
  <datafield tag="338" ind1=" " ind2=" ">
    <subfield code="2">rdacarrier</subfield>
    <subfield code="a">volume</subfield>
    <subfield code="b">nc</subfield>
  </datafield>
  <datafield tag="650" ind1=" " ind2=" ">
    <subfield code="a">&#x410;&#x433;&#x443;&#x443;&#x43B;&#x433;&#x430; : &#x410;&#x43D;&#x433;&#x43B;&#x438;&#x439;&#x43D; &#x437;&#x43E;&#x445;&#x438;&#x43E;&#x43B;&#x447; &#x414;&#x430;&#x43D;&#x438;&#x44D;&#x43B;&#x44C; &#x414;&#x435;&#x444;&#x43E; &#x434;&#x44D;&#x43B;&#x445;&#x438;&#x439;&#x43D; &#x443;&#x440;&#x430;&#x43D; &#x437;&#x43E;&#x445;&#x438;&#x43E;&#x43B;&#x434; * &#x420;&#x43E;&#x431;&#x438;&#x43D;&#x437;&#x43E;&#x43D; &#x41A;&#x440;&#x443;&#x437;&#x43E; * &#x440;&#x43E;&#x43C;&#x430;&#x43D;&#x430;&#x430;&#x440;&#x430;&#x430; &#x43C;&#x4E9;&#x43D;&#x445;&#x4E9;&#x440;&#x441;&#x4E9;&#x43D; &#x44E;&#x43C;. 300 &#x433;&#x430;&#x440;&#x443;&#x439; &#x436;&#x438;&#x43B;&#x438;&#x439;&#x43D; &#x442;&#x443;&#x440;&#x448;&#x438;&#x434;...</subfield>
  </datafield>
  <datafield tag="942" ind1=" " ind2=" ">
    <subfield code="2">NNA</subfield>
    <subfield code="c">BK</subfield>
  </datafield>
  <datafield tag="952" ind1=" " ind2=" ">
    <subfield code="0">0</subfield>
    <subfield code="1">0</subfield>
    <subfield code="4">0</subfield>
    <subfield code="6">84044_&#x414;393</subfield>
    <subfield code="7">0</subfield>
    <subfield code="8">HE062</subfield>
    <subfield code="a">HE0623081</subfield>
    <subfield code="b">HE0623081</subfield>
    <subfield code="c">HE062</subfield>
    <subfield code="d">2024-06-12</subfield>
    <subfield code="g">210.00</subfield>
    <subfield code="l">0</subfield>
    <subfield code="o">84(0)-44  &#x414;-393</subfield>
    <subfield code="p">HE06210180-2-1</subfield>
    <subfield code="r">2024-06-12</subfield>
    <subfield code="t">8127</subfield>
    <subfield code="y">BK</subfield>
  </datafield>
  <datafield tag="952" ind1=" " ind2=" ">
    <subfield code="0">0</subfield>
    <subfield code="1">0</subfield>
    <subfield code="4">0</subfield>
    <subfield code="6">84044_&#x414;393</subfield>
    <subfield code="7">0</subfield>
    <subfield code="8">HE062</subfield>
    <subfield code="a">HE0623081</subfield>
    <subfield code="b">HE0623081</subfield>
    <subfield code="c">HE062</subfield>
    <subfield code="d">2024-06-12</subfield>
    <subfield code="g">210.00</subfield>
    <subfield code="l">0</subfield>
    <subfield code="o">84(0)-44  &#x414;-393</subfield>
    <subfield code="p">HE06210180-2-2</subfield>
    <subfield code="r">2024-06-12</subfield>
    <subfield code="t">6316</subfield>
    <subfield code="y">BK</subfield>
  </datafield>
  <datafield tag="952" ind1=" " ind2=" ">
    <subfield code="0">0</subfield>
    <subfield code="1">0</subfield>
    <subfield code="4">0</subfield>
    <subfield code="6">84044_&#x414;393</subfield>
    <subfield code="7">0</subfield>
    <subfield code="8">HE062</subfield>
    <subfield code="a">HE0623081</subfield>
    <subfield code="b">HE0623081</subfield>
    <subfield code="c">HE062</subfield>
    <subfield code="d">2024-06-12</subfield>
    <subfield code="g">420.00</subfield>
    <subfield code="l">0</subfield>
    <subfield code="o">84(0)-44  &#x414;-393</subfield>
    <subfield code="p">HE06210180-2-3</subfield>
    <subfield code="r">2024-06-12</subfield>
    <subfield code="t">6301</subfield>
    <subfield code="y">BK</subfield>
  </datafield>
  <datafield tag="952" ind1=" " ind2=" ">
    <subfield code="0">0</subfield>
    <subfield code="1">0</subfield>
    <subfield code="4">0</subfield>
    <subfield code="6">84044_&#x414;393</subfield>
    <subfield code="7">0</subfield>
    <subfield code="8">HE063</subfield>
    <subfield code="a">HE0623081</subfield>
    <subfield code="b">HE0623081</subfield>
    <subfield code="c">HE063</subfield>
    <subfield code="d">2024-06-12</subfield>
    <subfield code="g">210.00</subfield>
    <subfield code="l">0</subfield>
    <subfield code="o">84(0)-44  &#x414;-393</subfield>
    <subfield code="p">HE06210180-3-1</subfield>
    <subfield code="r">2024-06-12</subfield>
    <subfield code="t">5204</subfield>
    <subfield code="y">BK</subfield>
  </datafield>
  <datafield tag="999" ind1=" " ind2=" ">
    <subfield code="c">882280</subfield>
    <subfield code="d">882337</subfield>
  </datafield>
</record>
